[Event "Metz op 23rd"]
[Site "Metz"]
[Date "2005.04.19"]
[Round "4"]
[White "Gurevich, Mikhail"]
[Black "Dunis, Aurelien"]
[Result "1/2-1/2"]
[WhiteElo "2630"]
[BlackElo "2485"]
[Annotator "Gurevich,M"]
[PlyCount "116"]
[EventDate "2005.04.16"]
[EventType "swiss"]
[EventRounds "9"]
[EventCountry "FRA"]
[SourceTitle "CBM 105 Extra"]
[Source "ChessBase"]
[SourceDate "2005.05.01"]
[SourceVersion "1"]
[SourceVersionDate "2005.05.01"]
[SourceQuality "1"]

1. d4 d5 2. c4 c6 3. Nf3 Nf6 4. e3 Bf5 5. Nc3 e6 6. Nh4 Bg6 7. Nxg6 hxg6 8. Bd2
Nbd7 9. Rc1 a6 10. Bd3 dxc4 11. Bxc4 b5 12. Be2 c5 13. Bf3 Rb8 14. Ne2 Bd6 15.
g3 O-O 16. O-O e5 17. dxc5 Nxc5 18. Bb4 Nd3 $5 {TN} (18... Qb6 19. Nc3 Nb7 20.
Bxd6 Nxd6 21. Nd5 Nxd5 22. Bxd5 Rbc8 23. Qg4 Nf5 24. Qe4 Qf6 25. Rfd1 Nd6 26.
Qb4 $14 {1-0 Kasparov,G-Vallejo Pons,F/Linares ESP 2005/The Week in Chess 539 
(54)}) 19. Qxd3 Bxb4 20. Qb3 $5 Qa5 (20... Qe7 21. a3 Bd6 22. Rfd1 e4 23. Bg2
Rfc8 $13) 21. a3 Be7 22. Rfd1 b4 $5 (22... Rfd8 23. Nc3 b4 24. Nd5 Nxd5 25.
Bxd5 bxa3 26. Bxf7+ Kf8 27. Qe6 $40) 23. a4 Rfd8 24. h3 $5 {[/\25.g4,Ne2-g3|^]}
Rxd1+ (24... e4 $5 25. Bg2 Rxd1+ 26. Rxd1 Rd8 27. g4 Bd6 $13) 25. Rxd1 Rd8 26.
g4 Rxd1+ 27. Qxd1 $14 {[/\28.Ng3,g4-g5;28.g5]} g5 $6 (27... Qc7 $142 {(/\28...
a5)}) 28. Ng3 g6 29. Be2 $1 {[/\30.Bc4,31.Qb3;xxa6,f7]} Qb6 30. Bc4 Bf8 (30...
Qb7 31. Qb3 $5 Bf8 32. Qd3 e4 33. Qd8 $16) 31. Qd3 $16 e4 32. Nxe4 Nxe4 33.
Qxe4 a5 34. Qd5 Qc7 35. b3 Bh6 $8 36. Kg2 Qa7 $138 (36... Kf8 $142) 37. Qd8+
Kh7 38. Qf6 $18 Qb7+ 39. Kg1 Bg7 40. Qxg5 Qf3 41. Bd5 $6 (41. Qxa5 $5 Qxh3 42.
Be2 $18) (41. Qh4+ Kg8 42. Qd8+ Kh7 43. Bf1 Bf6 $132) 41... Qd1+ 42. Kg2 $2 (
42. Kh2 $16) (42. Kg2 {D}) 42... Bf6 $1 43. Qxf6 Qxd5+ 44. Kg3 Qxb3 $13 45. h4
Qe6 46. Qd4 b3 47. f3 $1 (47. h5 gxh5 48. gxh5 Qf5 $17) (47. f4 b2 48. Qxb2
Qxe3+ 49. Kg2 Qxf4 $17) 47... Qe7 (47... Qe8 $5 {(/\48...Qb8+,49...b2)} 48. Qf6
$1 (48. h5 Qb8+ 49. f4 b2 50. Qf6 b1=Q 51. Qxf7+ Kh8 52. Qf6+ Kg8 53. Qe6+ Kf8
54. Qf6+ Ke8 55. Qe6+ Kd8 $19) 48... Kg8 49. h5 $13) 48. h5 Qb7 49. Qf6 $1 $13
Qb8+ (49... b2 50. h6 Qb8+ 51. f4 Kxh6 52. Qxf7 $36) 50. f4 Qe8 51. Kf2 gxh5
52. Qf5+ (52. gxh5 Qe6 $15) 52... Kg8 53. Qg5+ $11 Kf8 54. Qc5+ Qe7 55. Qc8+
Qe8 (55... Kg7 $5 56. Qc3+ Kg8 57. Qxb3 Qh4+ 58. Ke2 Qxg4+ 59. Kf2 h4 60. Qb8+
Kh7 61. Qe8 $132) 56. Qc5+ Qe7 57. Qc8+ Qe8 58. Qc5+ Qe7 1/2-1/2

[Event "Bundesliga 0506"]
[Site "Germany"]
[Date "2005.11.12"]
[Round "3.6"]
[White "Gurevich, Mikhail"]
[Black "Lemmers, Oscar"]
[Result "1/2-1/2"]
[WhiteElo "2652"]
[BlackElo "2425"]
[Annotator "Gurevich,M"]
[PlyCount "115"]
[EventDate "2005.10.21"]
[EventType "team-tourn"]
[EventRounds "15"]
[EventCountry "GER"]
[SourceTitle "CBM 110"]
[Source "ChessBase"]
[SourceDate "2006.01.31"]
[SourceVersion "1"]
[SourceVersionDate "2006.01.31"]
[SourceQuality "1"]
[WhiteTeam "Porz"]
[BlackTeam "Wattenscheid"]
[WhiteTeamCountry "GER"]
[BlackTeamCountry "GER"]

1. c4 c6 2. Nf3 d5 3. e3 Nf6 4. d4 Bf5 5. Nc3 e6 6. Nh4 Bg6 7. Nxg6 hxg6 8. Bd2
Nbd7 9. Rc1 a6 10. Bd3 Bd6 $5 {TN} (10... dxc4 11. Bxc4 c5 $5 {TN} (11... b5 {
-93/303;-Gurevich,M-Dunis,A Metz op 2005}) 12. Be2 cxd4 13. exd4 Qb6 14. Qb3 (
14. Qa4 $5 {Kasparov,G-93/303}) 14... Bd6 $5 (14... Qxd4 $5 15. Qxb7 Rb8 16.
Qxa6 Bc5 17. Be3 Qe5 $44) 15. Bf3 Rb8 16. Qxb6 Nxb6 17. Bg5 Kd7 $11 {1/2-1/2
Gurevich,M-Vallejo Pons,F/Sant Lluis ESP 2005/The Week in Chess 565 (17)}) 11.
c5 $5 Bc7 12. f4 Ng8 $5 {[/\13...g5;13...f5]} (12... g5 13. O-O gxf4 14. exf4
$14) 13. b4 g5 (13... f5 $5 {/\14...Ngf6,15...g5<=>>>}) 14. Qg4 $5 (14. O-O f5
{(/\15...gf16.ef g5<=>)}) 14... gxf4 15. exf4 g6 (15... Qf6 $5 16. Ne2 Nh6 17.
Qg5 Nf5 $132) 16. Ne2 Nh6 17. Qf3 Qf6 18. O-O Nf5 19. Qf2 g5 $6 (19... O-O-O
20. a4 Rh4 21. b5 Rdh8 22. h3 $40) (19... Rh4 20. h3 Ke7 $1 {(/\Rah8<=>)}) 20.
g4 $1 Rh3 (20... Nh4 21. fxg5 Qf3 $5 22. Qxf3 Bxh2+ 23. Kf2 $1 Nxf3 24. Be3 $1
(24. Kxf3 Rh3+ $132) 24... Nh4 25. Rh1 $16) 21. fxg5 Qh8 $5 22. Bf4 $5 (22.
gxf5 Rxh2 23. Qf3 Rh3 24. fxe6 $1 $14) 22... Nxd4 $5 (22... O-O-O 23. Bxc7 Kxc7
24. Nf4 (24. gxf5) 24... Nxd4 25. Nxh3 Qxh3 26. Qxd4 e5 27. Qc3 $16) 23. Bxc7
Nf3+ 24. Qxf3 $8 Rxf3 25. Rxf3 Ne5 $5 26. Bxe5 Qxe5 27. g6 $5 fxg6 28. Bxg6+
Kd7 $5 {[/\Kd7-c7-b8-a7]} 29. Rf7+ Kc8 30. Rcf1 Kb8 31. R1f2 Ka7 32. h4 $14 Rg8
33. h5 Qg5 34. R2f4 e5 35. R7f5 Qe7 36. Rf2 d4 37. Rf6 d3 $1 (37... e4 38. R6f4
d3 39. Rxe4 Qg5 40. Nf4 Rd8 41. Ne6 $16) 38. Bxd3 Rxg4+ 39. Kf1 Rxb4 40. Bg6 (
40. h6 e4 41. Bc2 Qxc5 $13 42. h7 Qh5 43. Rf7 e3 $40) 40... Rh4 41. Kg2 Qxc5
42. Ng3 Qd5+ 43. R6f3 Qd7 44. Nf5 Rg4+ 45. Rg3 Qd5+ 46. Kh2 Rf4 $5 47. Rxf4 (
47. Rgg2 $16) 47... exf4 48. Rg2 Qf3 $5 {[/\49...Qf1,50...f3<=>]} (48... Qf3 {
Diagram}) 49. h6 $2 (49. Nd6 $1 $16 {(/\50.Ne4,51.Rf2,h5-h6)}) 49... Qf1 $1 50.
h7 f3 51. Rg4 (51. Rg1 Qe2+ 52. Kg3 f2 53. Rb1 f1=Q 54. Rxf1 Qxf1 55. h8=Q Qg1+
56. Kf4 Qxg6 $11) 51... Qe2+ 52. Kg3 f2 $11 53. h8=Q (53. Rf4 Qe5 54. h8=Q
f1=N+ $3 55. Kg4 Qxh8 56. Rxf1 Qg8 57. Kg5 Qxa2 $17) 53... f1=Q 54. Qd4+ Ka8
55. Qd8+ Ka7 56. Qd4+ Ka8 57. Qd8+ Ka7 58. Qd4+ 1/2-1/2

[Event "FIDE World Cup"]
[Site "Khanty-Mansiysk"]
[Date "2005.12.07"]
[Round "4.2"]
[White "Malakhov, Vladimir"]
[Black "Gurevich, Mikhail"]
[Result "1/2-1/2"]
[WhiteElo "2670"]
[BlackElo "2652"]
[Annotator "Gurevich,M"]
[PlyCount "98"]
[EventDate "2005.11.27"]
[EventType "k.o."]
[EventRounds "7"]
[EventCountry "RUS"]
[SourceTitle "CBM 111"]
[Source "ChessBase"]
[SourceDate "2006.04.04"]
[SourceVersion "1"]
[SourceVersionDate "2006.04.04"]
[SourceQuality "1"]

1. d4 d5 2. c4 c6 3. Nf3 Nf6 4. e3 Bf5 5. Nc3 e6 6. Nh4 Bg6 7. Nxg6 hxg6 8. Bd2
Nbd7 9. Qc2 (9. Be2 Bd6 10. Qc2 Qe7 11. O-O-O dxc4 12. Bxc4 Nb6 (12... O-O-O
13. Kb1 Kb8 14. h3 e5 15. Bc1 Nb6 16. Be2 Nbd5 17. Nxd5 Nxd5 (17... cxd5 $5 18.
dxe5 Bxe5 $132) 18. dxe5 Bxe5 19. a3 Rd7 20. g3 Rhd8 21. f4 Bc7 22. e4 Nf6 23.
Rxd7 Rxd7 24. e5 $14 {1/2-1/2 Malakhov,V-Gurevich,M/Khanty Mansyisk RUS 2005/
The Week in Chess 579 (61)}) 13. Be2 e5 14. dxe5 Bxe5 15. Kb1 O-O-O 16. h3 Rhe8
17. Bf3 Nc4 18. Bc1 Qb4 19. Ka1 $13 {1-0 Malakhov,V-Dreev,A/Khanty Mansyisk
RUS 2005/The Week in Chess 579 (52)}) 9... Be7 $5 (9... Bd6 10. h3 Qe7 11. cxd5
exd5 12. Bd3 O-O 13. O-O Rfe8 14. Rab1 Rac8 15. Qb3 Nf8 16. Rbe1 Ne6 17. f4 $36
{1-0 Milanovic,D-Nadj Hedjesi,B/Subotica SCG 2005/The Week in Chess 579 (35)})
10. Be2 Qc7 11. h3 a6 $5 12. Rc1 (12. O-O-O b5 $132) 12... Rc8 13. O-O dxc4 $5
{[/\g6-g5-g4<=>>>;} (13... g5 $6 14. cxd5 cxd5 (14... exd5 15. e4 g4 16. Nxd5
$1 Nxd5 17. exd5 gxh3 18. dxc6 $16) 15. Qd3 $5 Qb8 16. e4 $36) 14. Bxc4 g5 15.
e4 (15. f3 Rxh3 16. gxh3 Qg3+ $11) 15... g4 16. e5 gxh3 $1 17. g3 $1 (17. exf6
hxg2 18. Kxg2 Qh2+ 19. Kf3 Qh5+ 20. Ke3 Nxf6 $40) 17... Nd5 18. Qe4 (18. Ne4 $5
h2+ 19. Kg2 c5 $132) 18... Nxc3 19. Bxc3 (19. bxc3 b5 20. Bd3 c5 $132) 19...
Nb6 $5 20. Ba5 Bd8 {[/\21...Qd7,22...Nd5]} 21. Qg4 Kf8 22. Bxb6 $6 (22. Bb3 $5
{(/\23.d5)} Ra8 $5 (22... Qd7 23. Bxb6 Bxb6 24. d5 $40) (22... Qe7 23. Bxb6
Bxb6 24. d5 $36) 23. a3 (23. Rc3 Qe7 24. a3 Nd5) 23... Kg8 24. Kh2 Qe7 $15)
22... Qxb6 23. Rc3 {[/\24.Rf3;24.Bxe6]} (23. Bxe6 fxe6 24. Qxe6 Rc7 25. d5 Rh6
$19) 23... Rh6 $1 $15 24. Bb3 {[/\25.d5]} Rc7 (24... Qb4 $5 25. a3 Qb5 26. Rd1
h2+ 27. Kh1 Rc7 $17) 25. Kh2 Qb4 26. Qe4 Rd7 27. Rd1 Bb6 28. Rcd3 Qe7 (28... a5
$5 29. a4 Qe7 $17) 29. f4 g6 30. a3 Qd8 31. R1d2 Ba5 32. Rf2 Bb6 33. Rfd2 Kg7
34. Bd1 $5 {[/\35.b4<=><<]} Rh8 35. b4 Qg8 $5 {[/\36...Qh7,37...g5]} 36. a4 Qf8
$5 (36... Qh7 37. Bg4) 37. b5 cxb5 38. axb5 Qb4 $6 $138 (38... a5 $5 {(xb5)}
39. d5 $2 Qc5 40. Qe1 Rxd5 $17) (38... axb5 $5) 39. bxa6 bxa6 40. Bf3 a5 41. d5
$132 Qc5 42. Qe1 exd5 43. Rxd5 Rxd5 44. Rxd5 Qc2+ 45. Qe2 Qc1 (45... Qxe2+ 46.
Bxe2 Rc8 47. Kxh3 $11) 46. Rd1 Qc5 47. e6 fxe6 48. Qb2+ e5 49. fxe5 Qf2+ (49...
Qf2+ 50. Qxf2 Bxf2 51. Rd7+ Kh6 52. Kxh3 $11) 1/2-1/2

[Event "Bundesliga 0506"]
[Site "Germany"]
[Date "2005.11.11"]
[Round "7.7"]
[White "Jackelen, Thomas"]
[Black "Gurevich, Mikhail"]
[Result "0-1"]
[WhiteElo "2454"]
[BlackElo "2652"]
[Annotator "Gurevich,M"]
[PlyCount "110"]
[EventDate "2005.10.21"]
[EventType "team-tourn"]
[EventRounds "15"]
[EventCountry "GER"]
[SourceTitle "CBM 110"]
[Source "ChessBase"]
[SourceDate "2006.01.31"]
[SourceVersion "1"]
[SourceVersionDate "2006.01.31"]
[SourceQuality "1"]
[WhiteTeam "Godesberg"]
[BlackTeam "Porz"]
[WhiteTeamCountry "GER"]
[BlackTeamCountry "GER"]

1. Nf3 d5 2. d4 Nf6 3. c4 c6 4. e3 Bf5 5. Nc3 e6 6. Nh4 Bg6 7. Nxg6 hxg6 8. g3
Nbd7 9. Bg2 Be7 10. O-O (10. Qe2 dxc4 11. Qxc4 e5 12. O-O Nb6 13. Qe2 exd4 14.
Rd1 O-O 15. Rxd4 Nbd7 16. b4 c5 17. bxc5 Bxc5 18. Rd1 Rb8 19. Bb2 Qe7 20. Nd5
$14 {1-0 Tregubov,P-Willemze,J/Amsterdam 2004/PowerBook2005 (49)}) 10... dxc4
11. Qe2 Qa5 (11... O-O 12. Qxc4 e5 13. Rd1 exd4 14. Rxd4 Qc7 15. Qe2 Nc5 16. b3
Ne6 17. Rd1 Qa5 18. Bd2 Qb6 19. Na4 Qc7 20. Bc3 Rfd8 21. Rac1 Rxd1+ 22. Rxd1
$14 {0-1 Lenic,L-Erenburg,S/Gothenburg 2005/Mega2006 (52)}) 12. Qxc4 Qh5 13. h3
g5 14. f4 {TN} (14. Rd1 g4 15. h4 Nh7 16. e4 g5 17. hxg5 (17. d5 Ne5 18. Qb3 (
18. Qd4 Bf6 $5) 18... O-O-O $132) 17... Bxg5 (17... Nxg5 $5 18. Bxg5 Bxg5 19.
d5 Ne5 $132) 18. Kf1 Bxc1 19. Raxc1 Ng5 $132 {1/2-1/2 Mahjoob,M-Sundararajan,K/
Esfahan IRI 2005/The Week in Chess 583 (43)}) (14. e4 {-90/325}) 14... gxf4 15.
exf4 Nb6 16. Qb3 O-O-O 17. Be3 Nbd5 18. Bd2 (18. Bf2 g5 $36) 18... Nb4 $5 19.
Be3 (19. a3 Rxd4 20. Be3 Rd3 $36) 19... Qf5 $1 {[/\20...Nc2;20...Qc2;20...Rxh3]
} 20. g4 (20. Rf2 Rxh3 $1 21. Bxh3 Qxh3 $40) 20... Qc2 21. Rf2 (21. Qa3 Nbd5
22. Qxa7 Nxe3 23. Qa8+ Kd7 24. Qxb7+ Ke8 $17) 21... Qxb3 22. axb3 Nfd5 $5 23.
Nxd5 Nxd5 24. Bd2 (24. Bxd5 Rxd5 25. Rxa7 Rxh3 $17) 24... Bf6 25. Bc3 a6 {
[/\26...g6,Nd5-c7-b5;xd4]} 26. f5 $5 Nxc3 (26... exf5 $5 27. Rxf5 Ne3 28. Rf2 (
28. Rf3 Nc2 29. Raf1 (29. Rd1 Bxd4+ $17) 29... Nxd4 $15) 28... Bxd4 29. Bxd4
Rxd4 30. Re1 Nxg2 31. Kxg2 Rd7 $17) 27. bxc3 e5 28. dxe5 Bxe5 29. Rf3 Rd2 $36 {
[/\30...Rhd8,31...Rc2]} 30. Re1 Bf6 31. Rfe3 Rhd8 32. Bf1 Rc2 33. R1e2 Rc1 (
33... Rxc3 34. Rxc3 Bxc3 35. Re7 $132) 34. Re1 Bg5 $5 35. Re8 $2 $138 (35. Re7
$1 Bxe7 (35... Rxc3 36. Rxf7 $132) 36. Rxc1 Rd2 37. Bc4 f6 38. Re1 Bc5+ 39. Kh1
b5 $15) 35... Rxc3 36. Rxd8+ Kxd8 $19 37. Bc4 f6 38. Kg2 b5 39. Be6 Kc7 40. Rd1
Bf4 $5 41. Rd7+ Kb6 42. Rxg7 Rg3+ 43. Kf2 Rxh3 44. Rg6 Bg5 45. Rg8 (45. Rxg5
fxg5 46. f6 Rh6 47. f7 Rf6+ $19) 45... a5 {[/\Kb6-c5-b4]} 46. Ra8 $5 Rc3 47.
Kg2 Rd3 48. Kf2 Bh4+ 49. Ke2 Rg3 50. Rg8 Kc5 51. Kd1 Bg5 52. Ra8 Kb4 53. Rc8
Rxb3 $1 54. Bxb3 (54. Rxc6 Rg3 $19 (54... a4 $5)) 54... Kxb3 55. Rxc6 a4 $19
0-1

[Event "Andorra op 23rd"]
[Site "Andorra"]
[Date "2005.07.16"]
[Round "8"]
[White "Campos Moreno, Javier B"]
[Black "Gurevich, Mikhail"]
[Result "1/2-1/2"]
[WhiteElo "2443"]
[BlackElo "2669"]
[Annotator "Gurevich,M"]
[PlyCount "99"]
[EventDate "2005.07.09"]
[EventType "swiss"]
[EventRounds "9"]
[EventCountry "AND"]
[SourceTitle "CBM 107 Extra"]
[Source "ChessBase"]
[SourceDate "2005.09.01"]
[SourceVersion "1"]
[SourceVersionDate "2005.09.01"]
[SourceQuality "1"]

1. d4 d5 2. c4 c6 3. Nf3 Nf6 4. e3 Bf5 5. Nc3 e6 6. Nh4 Bg6 7. Nxg6 hxg6 8. Bd2
Nbd7 9. Rc1 (9. Be2 Bd6 10. cxd5 cxd5 11. Qb3 O-O 12. O-O Qb8 13. g3 a6 14. a4
Qa7 15. a5 Rac8 16. Rfc1 Rc6 17. Rc2 Rfc8 $11 {1/2-1/2 Eljanov,P-Akopian,V/
Amsterdam NED 2005/The Week in Chess 559 (34)}) 9... Bd6 (9... Nb6 10. c5 Nbd7
11. f4 Nh5 12. Qf3 Qh4+ 13. Kd1 f5 14. Be1 Qd8 15. g4 Nhf6 16. g5 Ne4 17. b4 b6
18. h4 a5 19. a3 axb4 20. axb4 bxc5 21. bxc5 $14 {1-0 Campos Moreno,J-Postny,E/
Andorra la Vella AND 2005/The Week in Chess 558 (43)}) 10. g3 (10. a3 O-O 11.
Qc2 Rc8 12. c5 Bb8 13. f4 Nh5 14. g3 f5 15. Be2 Nhf6 16. h4 Kf7 17. b4 $36 {
1-0 Carlsen,M-Hole,O/Sandnes NOR 2005/The Week in Chess 556 (75)}) (10. Qb3 Rb8
11. g3 Ng4 12. Be2 Rxh2 13. Rxh2 Nxh2 14. cxd5 exd5 15. e4 Qf6 16. e5 Bxe5 17.
dxe5 Nxe5 18. Bf4 g5 19. Bxe5 Qxe5 20. Nd1 d4 $13 {1/2-1/2 Sakaev,K-Cech,P/
Copenhagen DEN 2005/The Week in Chess 559 (63)}) 10... Qe7 11. c5 Bc7 12. f4 g5
$5 {TN} (12... Ba5 13. Nb1 Bxd2+ 14. Nxd2 Ne4 15. Nxe4 dxe4 16. h4 f5 17. Kf2
Nf6 18. Be2 Kf7 19. a3 a5 20. Qd2 Rhb8 21. Rc2 b5 {1/2-1/2 Bareev,E-Dreev,A/
Moscow 2004/CBM 104 (21)}) 13. Bg2 $5 (13. fxg5 Bxg3+ 14. hxg3 Rxh1 15. gxf6 (
15. Qf3 Rxf1+ 16. Kxf1 Nh7 $15) 15... Qxf6 16. Qe2 O-O-O $13) 13... gxf4 14.
exf4 g6 15. b4 $5 a6 16. Qf3 Nh5 $5 {[/\Nh5-g7-f5<=>xd4]} 17. g4 $5 Qh4+ 18.
Kd1 Nhf6 19. h3 Ng8 (19... b5 20. a4 $36 (20. cxb6 Nxb6 21. Be1 Qh7 22. Bf1 Bd6
$13)) 20. Qe3 Ne7 21. Ne2 $5 {[/\Ne2-g1-f3-e5]} Nf6 $5 22. Be1 (22. Ng1 Ne4 23.
Bxe4 dxe4 24. Qxe4 Nd5 $44) 22... Qh7 23. a4 Ne4 $5 24. h4 $5 (24. Bxe4 dxe4
25. Qxe4 Nd5 $44) 24... f5 25. g5 Qf7 26. Ng1 e5 $5 27. fxe5 (27. dxe5 d4 28.
Qd3 Nd5 $40) 27... f4 28. Qd3 (28. Qf3 Nf5 29. Qxf4 Nxd4 $36) 28... Nf5 29. Bh3
$5 {[/\30.Nf3]} Nxh4 $6 (29... Ne3+ 30. Ke2 Rh5 31. Nf3 Bd8 32. Rg1 $13) 30.
Bg4 $138 (30. Bf1 Ke7 (30... Ng3 31. Bxg3 fxg3 32. Nf3 Qf4 33. Rxh4 $16) (30...
f3 31. Rxh4 Rxh4 32. Bxh4) 31. Rxh4 Rxh4 32. Bxh4 Rh8 33. Be1 Rh1 34. Nf3 $16)
30... Ke7 31. Rxh4 Rxh4 32. Bxh4 Rh8 33. Be1 (33. Nf3 Rxh4 34. Nxh4 Nf2+ $15)
33... Rh1 34. Nh3 (34. Qf1 f3 35. Rc2 $1 $16) 34... f3 35. Kc2 f2 36. Bxf2 Nxf2
37. Nxf2 Qxf2+ 38. Be2 $6 (38. Qd2 Rxc1+ 39. Kxc1 Qg1+ 40. Bd1 Bd8 $13) 38...
Rh2 $5 $40 39. Kd2 Bd8 $138 (39... Rh4 $5 $15) 40. Qe3 Qh4 41. Rf1 Kd7 $2 (
41... Ke8 42. Rg1 (42. Rf6 Bxf6 43. exf6+ Qe4 44. Qxe4+ dxe4 45. Ke3 Rg2 46.
Bc4 $13) 42... Rh3 43. Rg4 $13) 42. e6+ Ke8 43. e7 $2 (43. Rf8+ $3 Kxf8 (43...
Ke7 44. Rf7+ Ke8 45. e7) 44. Qf3+ Kg8 45. Qf7+ Kh8 46. Qe8+ Kg7 47. Qd7+ Kh8
48. Qxd8+ Kh7 49. Qe7+ Kh8 50. Qf6+ Kh7 51. e7 $18) 43... Bxe7 44. Rf6 Kd8 $11
45. Qe5 (45. Rxg6 Rxe2+ 46. Qxe2 (46. Kxe2 Qh5+) 46... Qxd4+ 47. Qd3 Qxb4+ $11)
45... Bxf6 46. Qxf6+ Kc7 47. Qd6+ Kc8 48. Qf8+ Kc7 49. Qd6+ Kc8 50. Qf8+
1/2-1/2

[Event "Jakarta Gunadarma"]
[Site "Jakarta"]
[Date "1996.??.??"]
[Round "6"]
[White "Portisch, Lajos"]
[Black "Gurevich, Mikhail"]
[Result "1/2-1/2"]
[WhiteElo "2600"]
[BlackElo "2605"]
[Annotator "Gurevich,M"]
[PlyCount "114"]
[EventDate "1996.10.15"]
[EventType "tourn"]
[EventRounds "9"]
[EventCountry "INA"]
[EventCategory "13"]
[SourceTitle "CBM 056"]
[Source "ChessBase"]
[SourceDate "1997.02.01"]
[SourceVersion "1"]
[SourceVersionDate "1997.02.01"]
[SourceQuality "1"]

1. d4 d5 2. c4 c6 3. Nf3 Nf6 4. e3 Bf5 5. Bd3 Bxd3 6. Qxd3 e6 7. Nc3 Nbd7 8.
O-O Be7 9. e4 dxe4 10. Nxe4 Nxe4 11. Qxe4 O-O 12. Bf4 a5 $5 (12... Qa5 13. Rfd1
Rfe8 14. a3 Qh5 15. h3 Qg6 16. Qe2 Qf5 17. Bg3 Rad8 18. Rac1 {1/2-1/2
Zlochevskij,Alexander-Lempert,Igor/It, Moscow (Russia) 1994}) 13. Rfd1 a4 14.
Rab1 Qa5 15. h3 Rfe8 16. Qc2 h6 17. b3 axb3 18. axb3 Red8 19. Bc1 {/\19.Bb2,20.
Ra1} Bd6 20. Bb2 Qh5 $132 {/\Nd7-f8-g6-f4} 21. Ra1 Nf8 22. Rxa8 Rxa8 23. Qc3 {
/\24.d5} Be7 $1 (23... Ng6 24. d5 Be5 25. Nxe5 $1 Qxd1+ 26. Kh2 Nxe5 27. Qxe5
f6 28. Qxe6+ Kh8 29. Bxf6 $36) 24. Kh2 $5 (24. d5 $2 Bf6 $15) 24... Qf5 $5 $15
{/\25...Ng6} (24... Ng6 $2 25. d5 Bf6 26. Qxf6 gxf6 27. g4 $14) 25. Qd3 Qxd3
26. Rxd3 Ra2 27. Rd2 Bb4 28. Bc3 Bd6+ 29. g3 Ra3 30. Rb2 Nd7 {/\31...b5} 31.
Nd2 Be7 32. Kg2 b5 33. cxb5 cxb5 34. Rb1 Nb6 (34... Ra8 $5 35. Ra1 Rc8 36. Ra7
(36. Ne4 Nf6 37. Nxf6+ Bxf6 $17) 36... Rxc3 37. Rxd7 Bg5 $15) 35. Ra1 Nd5 36.
Bb2 Rxa1 37. Bxa1 $15 Kf8 38. Kf1 Ke8 39. Nf3 Bf6 40. Ke2 Kd7 41. Ne1 Be7 42.
Bb2 h5 43. Bc1 Bd6 $6 (43... g5 $5 {/\44...g4} 44. g4 h4 $15 {[/\45...f6,
Be7-d6-f4]}) 44. Nc2 Be7 45. Bd2 g6 (45... g5 $5 $15) 46. Ne3 $1 Kc6 47. Nxd5
$10 Kxd5 48. Kd3 f5 {/\g6-g5-g4} 49. f3 $1 Bf6 50. Bc3 Bh8 51. g4 hxg4 52. hxg4
Bg7 53. Ke3 Bh6+ 54. Kd3 Bf4 55. Be1 Bb8 56. Bh4 Bd6 57. Bf6 Ba3 1/2-1/2

[Event "Pardubice KB op"]
[Site "Pardubice"]
[Date "2000.07.24"]
[Round "4"]
[White "Shushpanov, Vladimir Fedorovich"]
[Black "Gurevich, Mikhail"]
[Result "0-1"]
[WhiteElo "2403"]
[BlackElo "2667"]
[Annotator "Gurevich,M"]
[PlyCount "180"]
[EventDate "2000.07.21"]
[EventType "swiss"]
[EventRounds "9"]
[EventCountry "CZE"]
[SourceTitle "EXT 2001"]
[Source "ChessBase"]
[SourceDate "2000.11.22"]
[SourceVersion "1"]
[SourceVersionDate "2000.11.22"]
[SourceQuality "1"]

1. d4 d5 2. c4 c6 3. Nf3 Nf6 4. e3 Bf5 5. Bd3 Bg6 6. O-O e6 7. b3 Nbd7 8. Ba3
Bxa3 9. Nxa3 Qe7 10. Nc2 dxc4 11. Bxc4 Rd8 12. Qc1 Be4 13. Nd2 Bg6 14. Nf3 Ne4
15. Rd1 O-O 16. Qb2 Bh5 17. Nce1 Ng5 18. Be2 Nxf3+ 19. Bxf3 Bg6 20. Be2 e5 21.
Nf3 e4 22. Nd2 Nf6 23. b4 Rd5 24. Rac1 Bh5 25. Bxh5 Nxh5 26. Rc5 Rfd8 27. Rdc1
Nf6 28. b5 Nd7 29. Rxd5 cxd5 30. Rc7 Rb8 31. Qc3 Qd8 32. Qc2 h5 33. h3 Nf8 34.
a4 Ne6 35. Rc3 a6 36. Qb3 Qd6 37. Rc1 g6 38. Rc2 Kg7 39. Rc1 Kg8 40. Rc2 Kg7
41. Rc1 Rd8 42. Rc3 Qd7 43. Rc1 Ra8 44. Nb1 axb5 45. axb5 f5 46. Nc3 Rc8 47.
Ra1 Rd8 48. Na4 Qd6 49. Rc1 Kf7 50. Rc2 Ra8 51. Rc1 f4 52. Nc5 Rc8 53. Nd3
Rxc1+ 54. Nxc1 g5 55. Ne2 h4 56. Nc3 $6 fxe3 57. fxe3 Qg3 $1 $36 58. Nxd5 (58.
Nd1 Nf4 $19) 58... Nxd4 59. Qd1 $6 (59. Qb4 $1 $11) 59... Nf3+ 60. Kf1 Qh2 $1
61. Nf4 $5 (61. gxf3 Qh1+ 62. Ke2 Qg2+ 63. Ke1 exf3 64. Nf4 f2+ 65. Kd2 gxf4
66. Qh5+ Ke6 $19) (61. Kf2 Ne5 $1 $17 {(/\62...Nd3, 62...Qg3)}) 61... Qg1+ 62.
Ke2 Qxd1+ (62... gxf4 63. Qd7+ $11) 63. Kxd1 Nd4 $1 $17 (63... gxf4 64. gxf3
exf3 65. exf4 Kf6 66. Kd2 Kf5 67. Ke3 f2 68. Kxf2 Kxf4 69. b6 $11) 64. Nd3 $5
Nxb5 65. Nc5 Nd6 66. Kc2 Kf6 67. Kc3 Ke5 68. Nd7+ Ke6 69. Nb6 Nf5 70. Kd2 Ne7
71. Na4 Kd6 72. Nb6 Nf5 73. Nc4+ Kd5 74. Nb6+ Kd6 75. Nc4+ Ke6 76. Nb6 Ne7 77.
Na4 Kd6 78. Nc3 Ke5 79. Nb5 b6 80. Na3 Nc8 81. Kc3 Kd5 82. Kb4 Nd6 83. Nc2 Nf5
84. Kc3 (84. Kb5 Nxe3 $1 85. Nxe3+ Kd4 $19) 84... Kc5 85. Kb3 b5 86. Kc3 b4+
$19 87. Nxb4 Nxe3 88. Na6+ Kd5 89. Nb4+ Ke5 90. Nc6+ Kf4 0-1